MARC

LEADER 00000nab a2200000 a 4500
001 8161
003 Arxiu
005 20260324175955.0
008 160829s9999 xx 000 0 cat d
100 |a Sáez, Xavier  |9 18932 
245 |a Una Comarca litoral /   |c Xavier Sáez 
260 |a Barcelona :   |b Diputació de Barcelona ;   |c 1984 
300 |a 6 pàgs. ;   |b il. col ; taules ;   |c 29 cm. 
490 |a Arrel : revista editada per la Diputació de Barcelona ;   |v Núm. 9 (desembre, 1984) ; pàgs. 14-19  |x 0211-562X 
650 |a Transport  |x Maresme   |9 42989 
650 0 |a Ports  |x Maresme (Catalunya)  |9 48980 
650 |a Esports aquàtics  |x Maresme  |9 42991 
856 4 |u https://media.diba.cat/diba/fitxers/arxiu/hemeroteca/arrel/8161/bib_8161_1984_1986_n01_a04_baixa.pdf  |y bib_8161_1984_1986_baixa.pdf 
856 4
901 |a Arxiu 
942 |n 1  |2 udc  |c Articles de revista 
952 |0 0  |1 0  |2 udc  |4 0  |6 REV94  |7 1  |9 51124  |a Arxiu  |b Arxiu  |d 2016-12-01  |o Rev-94  |r 2016-12-01 00:00:00  |w 2016-12-01  |y ARXIU 
999 |c 54967  |d 54967 
900 |a bib_8161_1984_1986_n01_a04_baixa.pdf